Caricatvras de la jvsticia : (Record no. 110283)

MARC details
000 -LEADER
campo de control de longitud fija 01912cam a2200457 i 4500
001 - NÚMERO DE CONTROL
campo de control 37248
005 - FECHA Y HORA DE LA ÚLTIMA TRANSACCIÓN
campo de control 20230411085955.0
008 - DATOS DE LONGITUD FIJA--INFORMACIÓN GENERAL
campo de control de longitud fija 070328b2008 uy a 000 0 spa
035 ## - NÚMERO DE CONTROL DEL SISTEMA
Número de control de sistema (OCoLC)ocm61437536
040 ## - FUENTE DE CATALOGACIÓN
Centro catalogador/agencia de origen BNCHL
Lengua de catalogación spa
Centro/agencia transcriptor BNCHL
020 ## - NÚMERO INTERNACIONAL ESTÁNDAR DEL LIBRO
Número Internacional Estándar del Libro 9974578434
020 ## - NÚMERO INTERNACIONAL ESTÁNDAR DEL LIBRO
Número Internacional Estándar del Libro 9789974578432
035 ## - NÚMERO DE CONTROL DEL SISTEMA
Número de control de sistema (OCoLC)61437536
041 1# - CÓDIGO DE IDIOMA
Código de lengua del texto/banda sonora o título independiente spa
Código de lengua original ger
043 ## - CÓDIGO DE ÁREA GEOGRÁFICA
Código de área geográfica e-fr---
082 00 - NÚMERO DE LA CLASIFICACIÓN DECIMAL DEWEY
Número de clasificación 320.11
049 ## - FONDOS LOCALES (OCLC)
Biblioteca depositaria GRAL
100 1# - ENTRADA PRINCIPAL--NOMBRE DE PERSONA
Nombre de persona Radbruch, Gustav,
Fechas asociadas al nombre 1878-1949.
245 10 - MENCIÓN DEL TÍTULO
Título Caricatvras de la jvsticia :
Resto del título litografías de Honoré Daumier /
Mención de responsabilidad, etc. Gustav Radbruch.
246 3# - FORMA VARIANTE DEL TITULO
Título propio/Titulo breve Caricaturas de la justicia : litografías de Honoré Daumier
246 0# - FORMA VARIANTE DEL TITULO
Texto de visualización Título original:
Título propio/Titulo breve Karikaturen der justiz. Lithographien von Honoré Daumier
260 ## - PUBLICACIÓN, DISTRIBUCIÓN, ETC.
Lugar de publicación, distribución, etc. Montevideo ;
-- Buenos Aires :
Nombre del editor, distribuidor, etc. Edit. B de F,
Fecha de publicación, distribución, etc. 2008.
300 ## - DESCRIPCIÓN FÍSICA
Extensión 159 p. :
Otras características físicas principalmente il. ;
Dimensiones 23 cm.
500 ## - NOTA GENERAL
Nota general Con un Prólogo sobre las obras históricoliterarias e historicoartísticas de Gustav Radbruch por: Hermann Klenner.
500 ## - NOTA GENERAL
Nota general Traducción directa del alemán por el Dr. José Luis Guzmán Dalbora, Catedrático de Derecho Penal y Filosofía del Derecho en la Universidad de Antofagasta (Chile).
500 ## - NOTA GENERAL
Nota general Julio César Faira (editor).
500 ## - NOTA GENERAL
Nota general Letra inicial ornamentada.
504 ## - NOTA DE BIBLIOGRAFÍA, ETC.
Nota de bibliografía, etc. Bibliografâia: p. 159.
600 14 - PUNTO DE ACCESO ADICIONAL DE MATERIA--NOMBRE DE PERSONA
Nombre de persona Daumier, Honoré, 1808-1879
Subdivisión general Litografías.
650 #4 - PUNTO DE ACCESO ADICIONAL DE MATERIA--TÉRMINO DE MATERIA
Término de materia o nombre geográfico como elemento de entrada Justicia
Subdivisión general Caricaturas.
650 #4 - PUNTO DE ACCESO ADICIONAL DE MATERIA--TÉRMINO DE MATERIA
Término de materia o nombre geográfico como elemento de entrada Justicia
Subdivisión general Chistes, satiras, etc.
650 #4 - PUNTO DE ACCESO ADICIONAL DE MATERIA--TÉRMINO DE MATERIA
Término de materia o nombre geográfico como elemento de entrada Filosofía del derecho
Subdivisión general Caricaturas.
650 #7 - PUNTO DE ACCESO ADICIONAL DE MATERIA--TÉRMINO DE MATERIA
Término de materia o nombre geográfico como elemento de entrada Abogados
Subdivisión geográfica Francia
Subdivisión de forma Caricaturas y dibujos animados.
Fuente del encabezamiento o término renib
650 #7 - PUNTO DE ACCESO ADICIONAL DE MATERIA--TÉRMINO DE MATERIA
Término de materia o nombre geográfico como elemento de entrada Administraciâon de justicia
Subdivisión de forma Caricaturas y dibujos animados.
Fuente del encabezamiento o término renib
600 17 - PUNTO DE ACCESO ADICIONAL DE MATERIA--NOMBRE DE PERSONA
Nombre de persona Radbruch, Gustav,
Fechas asociadas al nombre 1878-1949.
Fuente del encabezamiento o término renib
650 #7 - PUNTO DE ACCESO ADICIONAL DE MATERIA--TÉRMINO DE MATERIA
Término de materia o nombre geográfico como elemento de entrada Artistas
Subdivisión geográfica Francia
Subdivisión de forma Biografías.
Fuente del encabezamiento o término renib
650 #7 - PUNTO DE ACCESO ADICIONAL DE MATERIA--TÉRMINO DE MATERIA
Término de materia o nombre geográfico como elemento de entrada Abogados
Subdivisión geográfica Francia
Subdivisión de forma Biografías.
Fuente del encabezamiento o término renib
700 1# - ENTRADA AGREGADA--NOMBRE PERSONAL
Nombre de persona Guzmâan Dalbora, Josâe Luis
Término indicativo de función/relación tr.
942 ## - ELEMENTOS DE ENTRADA SECUNDARIOS (KOHA)
Fuente del sistema de clasificación o colocación Clasificación de Library of Congress
Tipo de ítem Koha
994 ## -
-- C0
-- DRFGD
Holdings
Estatus retirado Estado de pérdida Fuente del sistema de clasificación o colocación Estado de daño No para préstamo Colección Biblioteca de origen Biblioteca actual Ubicación en estantería Fecha de adquisición Código de barras Visto por última vez Copia número Tipo de ítem Koha
    Clasificación de Library of Congress     Automatización y Procesos Técnicos Biblioteca Juan Bosch Biblioteca Juan Bosch Automatización y Procesos Técnicos (1er. Piso) 11/04/2023 00000064312 17/02/2019 1